Responses for Show #4749 - Thursday, April 7, 2005

2005 Ultimate Tournament of Champions Round 1, game 42.

Contestants

[<< previous game]

Bill Dickenson, a college instructor from Richardson, Texas

Michael Braun, a high school junior from Silver Spring, Maryland

Lara Robillard, a policy analyst from Arlington, Virginia

[next game >>]

Jeopardy! Round responses

PANAMANIA
IN THE MOVIES
WEIGHTS & MEASURES
HEY, "GOOD" LOOKING!
WHATCHA GOT COOKIN'?
DICTATOR TOTS
    $200 12
(Lara: Who is Taft?)

Woodrow Wilson

LaraMichael
    $200 1
banjos

Lara
    $200 24
gallon

Triple Stumper
    $200 9
the Good Samaritan

Lara
    $200 19
Hillary Rodham Clinton

Lara
    $200 4
Stalin

Bill
    $400 13
the Andes

Michael
    $400 2
Don Cheadle

Lara
    $400 27
a centimeter

Michael
    $400 15
Goodbye, Mr. Chips

Michael
    $400 20
Uncle Ben

Lara
    $400 5
Idi Amin

Michael
    $600 14
(Manuel) Noriega

Lara
    $600 3
Forrest Gump

Michael
    $600 28
grit

Bill
    $600 16
Good Friday

Bill
    $600 21
England (Great Britain)

Lara
    $600 6
(Michael: Who is Franco?)
(Lara: Who is Duvalier?)

Fidel Castro

LaraMichael
Triple Stumper
    $800 25
Colon

Bill
    $800 10
The Jungle Book

Lara
    $800 29
Fahrenheit

Michael
    $800 17
the Cape of Good Hope

Bill
    $800 22
a marinade

Lara
    $1,000 7
Saddam Hussein

Michael
    $1000 26
Balboa

Michael
    $1000 11
Chariots of Fire

Bill
    $1000 30
a knot

Michael
    $1000 18
Midnight in the Garden of Good and Evil

Lara
    $1000 23
cabbage

Michael
    $1000 8
Adolf Hitler

Triple Stumper

Scores at the first commercial break (after clue 14):

Lara Michael Bill
$1,400 $2,000 $1,200

Scores at the end of the Jeopardy! Round:

Lara Michael Bill
$4,400 $6,600 $4,000

Double Jeopardy! Round responses

BOOKS & AUTHORS
CABLE NETWORKING
WORLD OF DANCE
(Alex: You have to step out front and do the dance for us.) [Prolonged laughter] (Alex: [Later] A word about WORLD OF DANCE. You don't have to do the dance. [Laughter] You just have to identify the country associated with each dance.)
LIFE AFTER DEATH
REPTILES
"A.M"/"P.M."
    $400 2
(Mario) Puzo

Bill
    $400 26
(Lara: What is Food TV or [*]?)

Food Network

Lara
    $400 21
France

Lara
    $400 7
Van Gogh

Bill
    $400 1
poisonous

Michael
    $400 16
a praying mantis

Bill
    $800 9
(Bill: What is The Days?)

The Hours

LaraBill
    $800 27
(Michael: What is Oxygen?)
(Bill: What is We?)

Lifetime

LaraMichaelBill
    $800 22
Scotland

Bill
    $800 8
Nathan Hale

Lara
    $3,000 3
(Bill: What is... an iguana?)
(Alex: [*]. Yeah, the ability to change.)

a chameleon

Bill
    $800 17
an Aston Martin

Bill
    $1200 10
Angels and Demons

Lara
    $1200 28
Animal Planet

Lara
    $1200 23
Spain

Lara
    $1,000 13
(Alex: [*], yes. You've obviously read some of her works.)

Emily Dickinson

Michael
    $1200 4
the monitor lizards

Triple Stumper
    $1200 18
Perry Mason

Triple Stumper
    $1600 11
(Shirley) Jackson

Michael
    $1600 29
A&E

Lara
    $1600 24
Brazil

Bill
    $1600 14
Paris

Bill
    $1600 5
(Michael: What's a python?)
(Lara: What's a boa?)

an anaconda

LaraMichaelBill
    $1600 19
petit mal

Bill
    $2000 12
A Separate Peace

Michael
    $2000 30
(Lara: What is Court TV?)

The History Channel

LaraBill
    $2000 25
Greece

Triple Stumper
    $2000 15
(Franz) Kafka

Lara
    $2000 6
a caiman

Bill
    $2000 20
absolute monarchy

Bill

Scores at the end of the Double Jeopardy! Round:

Lara Michael Bill
$11,200 $9,200 $14,600

[wagering suggestions for these scores]

Final Jeopardy! Round responses

NOTABLE AFRICAN AMERICANS
(Alex: Yes, Marva was a teacher, portrayed by Cicely Tyson in the TV movie.)
[ZergCam]
MichaelWhat is HUD?
$91
LaraWhat was Secretary of Education?
$0
BillWhat is Secretary of H.U.D.?
$7,801
Secretary of Education

Final scores:

Lara Michael Bill
$11,200 $9,109 $6,799
Winner: $15,000 + an advance to UToC Round 2 2nd place: $5,000 3rd place: $5,000

Game dynamics:

Coryat scores:

Lara Michael Bill
$11,200 $9,200 $17,600
20 R,
4 W
15 R
(including 2 DDs),
3 W
18 R,
3 W
(including 1 DD)

Combined Coryat: $38,000

[game clues] [game scores] [suggest correction]

Game tape date: 2005-03-08
The J! Archive is created by fans, for fans. Scraping, republication, monetization, and malicious use prohibited; this site may use cookies and collect identifying information. See terms. The Jeopardy! game show and all elements thereof, including but not limited to copyright and trademark thereto, are the property of Jeopardy Productions, Inc. and are protected under law. This website is not affiliated with, sponsored by, or operated by Jeopardy Productions, Inc. Join the discussion at JBoard.tv.